000 00769nam a2200265 a 4500
001 59027
003 BD-RjUL
005 20211209080703.0
008 161220s1978 nyua 000 0 eng
020 _a0312252013 :
_c$12.95.
020 _a0312252021 (pbk.)
035 _a(BD-RjUL)59151
040 _aDLC
_cDLC
_dBD-RjUL
_beng
041 _aeng
082 _223
_a333.7
_bDAE 1978
100 1 _aDavis, David Howard.
_9175556
245 1 0 _aEnergy politics /
_cDavid Howard Davis
250 _a2d ed.
260 _aNew York :
_bSt. Martin's Press,
_cc1978.
300 _avii, 278 p. :
_bill. ;
_c22 cm.
650 _aPower resources
_zUnited States
_9175557
650 _a Energy policy
_zUnited States
_9175558
650 _aEnergy policy
_9175559
942 _2ddc
_cBK
999 _c59027
_d59027